Library Banner

(ذاتی بہرانوں پر قابو پانے کا فن )Zati behranon per qaboo panay ka fun [Living through personal crises] (Urdu) (Record no. 67153)

MARC details
000 -LEADER
fixed length control field 00685nam a2200205Ia 4500
001 - CONTROL NUMBER
control field 65109
003 - CONTROL NUMBER IDENTIFIER
control field OSt
005 - DATE AND TIME OF LATEST TRANSACTION
control field 20160308105833.0
008 - FIXED-LENGTH DATA ELEMENTS--GENERAL INFORMATION
fixed length control field 150303s9999 xx 000 0 und d
020 ## - INTERNATIONAL STANDARD BOOK NUMBER
International Standard Book Number NA
040 ## - CATALOGING SOURCE
Transcribing agency PK-LaUMT
082 ## - DEWEY DECIMAL CLASSIFICATION NUMBER
Classification number 306.88
Item number STE-Z
100 ## - MAIN ENTRY--PERSONAL NAME
Personal name Stern, N. Qaiser
245 ## - TITLE STATEMENT
Title (ذاتی بہرانوں پر قابو پانے کا فن )Zati behranon per qaboo panay ka fun [Living through personal crises] (Urdu)
Statement of responsibility, etc (اعجاز محمود)Stern, N. Qaiser|Ijaz A. Mahmood
260 ## - PUBLICATION, DISTRIBUTION, ETC. (IMPRINT)
Place of publication, distribution, etc (لاہور، پاکستان)Lahore,Pakistan:
Name of publisher, distributor, etc (تخلیقاات)Takhleqaat,
Date of publication, distribution, etc 2010
300 ## - PHYSICAL DESCRIPTION
Extent 280 p.
546 ## - LANGUAGE NOTE
Language note UR
700 ## - ADDED ENTRY--PERSONAL NAME
Personal name Ijaz A. Mahmood
942 ## - ADDED ENTRY ELEMENTS (KOHA)
Koha item type Books
Source of classification or shelving scheme Dewey Decimal Classification
Holdings
Withdrawn status Lost status Damaged status Not for loan Home library Current library Date acquired Total Checkouts Full call number Barcode Date last seen Date checked out Price effective from Koha item type
        UMT Main Campus UMT Main Campus 2015-03-03 4 306.88 STE-Z 88437 2026-06-17 2023-03-28 2015-03-03 Books